000
00341nam a2200157Ia 4500
008
230312s9999||||xx |||||||||||||| ||und||
020
_a
8131205098
082
_a
616.075
_b
MER
100
_a
Mark ,H ,Beers
245
0
_a
Merck Manual
260
_b
Gary Zelko
_c
2006
300
_a
2989
546
_a
Eng.
650
_a
Pharmacy
942
_c
BK
999
_c
4746
_d
4746